000 00259nam a22001217a 4500
008 180312b xxu||||| |||| 00| 0 eng d
041 _aeng
080 _a621
100 _a27
101 _aMEC
245 _aCUTTING ENERGY COSTS
_cBOB.B
942 _2udc
_cBK
999 _c44740
_d44740